MDQL
is popping MORE tags! Check the
thread
!
Quizzes
Events
Quiz Creation
Community
Videos
Private Events
Remove Ads
Sign In
Join for FREE
Feedback
Dark Mode
Quiz Categories
Sports
Geography
Music
Movies
Television
Just For Fun
Miscellaneous
History
Literature
Language
Science
Gaming
Entertainment
Religion
Holiday
For Kids
Quiz Lab
Recent
Popular Today
Quiz Kudos Today
Editor Picks
Curator Picks
Quizzes by...
Day
Popularity
Type
Ratings
Length
Year
Community
Subscriptions
Recent Discussions
Orange Saloon
Badges
Playlists
Quests
Create
Leaderboards
Showdown
Live 5
Trivia Bingo
Activity
Puzzle Library
Sporcle Events
Private Events
Virtual Trivia
Globe League
Become a Host
Pub Owners
SporcleCon
Opinionation
Our Games
Videos
Blog
Mobile Apps
Partnerships
Remove Ads and Go Orange
Feedback
Sports
Athletes
MLB
NBA
NHL
NFL
Soccer
Sports Teams
WWE
NCAA
Football
Premier League
Basketball
Baseball
Hockey
Golf
Tennis
Cricket
Rugby
Auto Racing
Olympics
World Cup
Sports
Athletes
MLB
NBA
NHL
NFL
Soccer
Sports Teams
WWE
NCAA
Football
Premier League
Basketball
Baseball
Hockey
Golf
Tennis
Cricket
Rugby
Auto Racing
Olympics
World Cup
Random Quiz
Search Sporcle
×
Quiz Lab
Quiz Lab
Sports
AFL
Type in answers that appear in a list
Type in answers that appear in a list
Classic
Best Score? Go Orange.
AFL Top 100 Players going into 2020 season Stats
Can you name the AFL Top 100 Players going into 2020 season?
By
subspawn09
16m
100 Questions
503 Plays
503 Plays
503 Plays
Comments
Comments
Give Quiz Kudos
Give Quiz Kudos
-
- Ratings
hide this ad
Replay
Link that replays current quiz
Next Quiz
Link to next quiz in quiz playlist
You Got
0%
They Got
Avg Score
51%
Avg Friend Score
Upgrade to see
Score Distribution
Jump to the score distribution portion of the page
Score
0/100
Timer
16:00
0
Plays Today
Team
Answer
% Correct
Carlton
Cripps
97.8%
West Coast
Cripps
97.8%
West Coast
Kelly
90.3%
GWS
Kelly
90.3%
Fremantle
Fyfe
88.9%
Brisbane
Neale
88.7%
Geelong
Dangerfield
87.5%
GWS
Cameron
86.5%
Brisbane
Cameron
86.5%
Bulldogs
Bontempelli
85.7%
Richmond
Martin
82.3%
GWS
Coniglio
79.5%
Richmond
Prestia
79.3%
West Coast
Shuey
77.3%
West Coast
Yeo
76.5%
Bulldogs
Macrae
75.9%
Collingwood
Grundy
73.4%
Melbourne
Gawn
73.2%
Collingwood
Pendlebury
72%
West Coast
Gaff
71.8%
Richmond
Lynch
71.4%
Essendon
Merrett
69.4%
Essendon
Shiel
68.2%
Collingwood
Treloar
67%
West Coast
Mcgovern
66.4%
Hawthorn
Mitchell
65.8%
Melbourne
Oliver
65.6%
Port Adelaide
Boak
65.6%
GWS
Greene
65.6%
GWS
Whitfield
65.2%
North Melbourne
Cunnington
63.2%
Geelong
Selwood
63%
Collingwood
De Goey
62.8%
Brisbane
Zorko
62.6%
Team
Answer
% Correct
Bulldogs
Dunkley
62.2%
Geelong
Hawkins
61.4%
Essendon
Smith
60.6%
Adelaide
Smith
60.6%
North Melbourne
Brown
59.2%
Adelaide
Crouch
58.8%
Adelaide
Crouch
58.8%
West Coast
Darling
57.7%
North Melbourne
Higgins
57.1%
GWS
Taranto
55.7%
West Coast
Hurn
55.7%
Fremantle
Walters
54.7%
Richmond
Grimes
54.7%
GWS
Haynes
54.5%
Port Adelaide
Gray
54.3%
Geelong
Ablett
52.1%
Sydney
Heeney
51.9%
Adelaide
Sloane
51.9%
Hawthorn
Worpel
50.7%
Bulldogs
Naughton
50.1%
Carlton
Walsh
49.7%
St Kilda
Hill
48.5%
Sydney
Papley
46.5%
Collingwood
Adams
46.3%
Fremantle
Mundy
45.1%
Adelaide
Laird
44.9%
Bulldogs
Hunter
44.3%
Sydney
Lloyd
44.3%
Essendon
Stringer
44.1%
Geelong
Duncan
43.3%
St Kilda
Steele
43.3%
Eagles
Ryan
43.3%
Essendon
Hurley
42.7%
Hawthorn
O'meara
41.9%
Team
Answer
% Correct
Hawthorn
Sicily
40.2%
Geelong
Blicavs
39.8%
Sydney
Rampe
39%
West Coast
Sheed
37.8%
Collingwood
Crisp
36.6%
Bulldogs
Daniel
35.6%
GWS
Hopper
34.6%
St Kilda
Billings
33.4%
Gold Coast
Witts
33.2%
Port Adelaide
Rozee
33%
Hawthorn
Breust
32.4%
West Coast
Sheppard
31.8%
Brisbane
Hipwood
31.2%
Melbourne
Viney
31.2%
Collingwood
Howe
30.4%
Brisbane
Rich
29.4%
Essendon
Hooker
29.2%
Collingwood
Maynard
28.8%
Essendon
Fantasia
21.9%
Sydney
Parker
21.9%
Port Adelaide
Rockliff
21.9%
North Melbourne
Polec
20.1%
North Melbourne
Zurhaar
18.7%
GWS
Himmelberg
18.3%
Brisbane
Andrews
17.7%
Fremantle
Langdon
17.7%
St Kilda
Gresham
16.7%
Brisbane
Berry
16.3%
Gold Coast
Greenwood
15.3%
Hawthorn
Impey
12.5%
GWS
De Boer
9.9%
Fremantle
Ryan
8.9%
Quiz Playlist
Details
Report
Send in Message
Add To Playlist
Classic:
Type in answers that appear in a list
Last Updated: Feb 2, 2022
Quiz Scoreboard
CHALLENGE
Sign Up to Join the Scoreboard
Show All
Scores
Hide
Comments
May contain spoilers
Recently Published
Colored Red Africa Blitz
by spor1
Geography
30s
Find the 'City' Movie
by crazypaving
Movies
60s
5x2 Blitz: Bands
by SL_Kpop136
Music
30s
More to Explore
Quiz From the Vault
Featured Blog Post
14 Easter Pick-up Lines to Find Eggs With
hide this ad
You Might Also Like...
Tags
100
2020
AFL
Player
season
team
Top 100
Today's Top Quizzes in Sports
Browse Sports
hide this ad
Today's Top Quizzes in AFL
Browse AFL
Top Contributed Quizzes in Sports
1
Les entraîneurs de l'OM et du PSG au 21e siècle
2
Les meilleurs buteurs des matchs entre le PSG et l’OM
3
Players with Multiple 50 Home Run Seasons
4
2022 World Cup Stars
5
Les joueurs passés par le PSG et l'OM
6
NBA Logic Puzzle 2.0
7
Criteria MLB: Left Handed Sluggers
8
MLB Players with Two .350 Batting Average Seasons
9
Top 10 NHL Goal Scorers of All Time
10
Who Hit More Homers?
Explore More
Trending Topics
Disney
Marvel
Crossword
Kpop
Harry Potter
NBA
Anime
Song
The Office
Pokémon
Puzzle
WWE
Soccer
Country
NFL
hide this ad
More By:
subspawn09
Quiz
Plays
Rating
Category
Featured
Created
AFL Top 100 Players going into 2020 season
503
3.00
Sports
Feb 13, 2020
All AFL Coaches Over The Past 10 Years
77
Sports
Feb 29, 2020
Go to Creator's Profile
Score Distribution
Quiz Creator Spotlight
subspawn09
Follow
Send a Message
Quizzes Created
-
Created Quiz Play Count
-
More By This Creator
Popular Quizzes Today
1
Colored Red Africa Blitz
2
Find the 'City' Movie
3
5x2 Blitz: Bands
4
Find the US States - No Outlines Minefield
5
The Countries of the World
6
Find the US States
7
US States
8
Find the Countries of Europe - No Outlines Minefield
More Sports Quizzes
NBA 6th Man Award
Published
Trending Quizzes
Colored Red Europe Blitz I
Colored Red Africa Blitz II
Colored Red Europe Blitz II
Colored Red Africa Blitz III
Colored Red Europe Blitz III
Recently Updated
How Do You Spell That?
pecheneg
Godzilla Movies
pecheneg
Grab Bag: 4-10 Letters
pecheneg
2024 March Madness Bracket
pecheneg
Famous TV Couples
Peacemaker
Champions League XIs: Real Madrid
pecheneg
Largest US Cities 1790-2010
pecheneg
Rides in Walt Disney World
pecheneg
Most Oscar Losses (Acting)
pecheneg
Beyoncé Albums
pecheneg
Trending Topics
Crossword
Marvel
Kpop
NBA
Anime
Disney
Harry Potter
Soccer
Puzzle
Pokémon
NFL
The Office
WWE
Song
Country
Your Account Isn't Verified!
In order to create a playlist on Sporcle, you need to verify the email address you used during registration. Go to your
Sporcle Settings
to finish the process.
Report this User
Report this user for behavior that violates our
Community Guidelines
.
Details:
Send Report
Go to the Sporcle.com Mobile Site →
Comments